| 000 | 00486nam a22001937a 4500 | ||
|---|---|---|---|
| 003 | OSt | ||
| 005 | 20140310181934.0 | ||
| 008 | 130723t xxu||||| |||| 00| 0 eng d | ||
| 020 | _a9780140012132 | ||
| 050 |
_aPR 4825 _b.J56 1957 |
||
| 082 |
_aCLA _bJ48t 1957 |
||
| 100 |
_aJerome, Jerome K. _93120 |
||
| 245 | _aThree men in a boat / | ||
| 260 |
_aLondon : _bPenguin Books, _cc1957. |
||
| 300 |
_a184 p. : _c18 cm. |
||
| 541 | _j1 | ||
| 562 | _e1 | ||
| 942 |
_2lcc _cBBK _kCLA |
||
| 999 |
_c7474 _d7474 |
||